000 00721nam a2200265Ia 4500
001 35122
005 20240114001801.0
007 ta
008 070312s1999 a g b000 u asm u
040 _aCotton College,Assam
041 _aasm
082 _a891.41309
_bBa 268 As
100 _aBarpujari, Jitanjali .
245 0 _aAsamiya Upanyasat Janajatiya Jiban /
_cJitanjali Barpujari.
_hTextual Documents
250 _a1st ed. /
260 _aGuwahati :
_bChandra Prakash ,
_c1999.
300 _a259p. :
_bill ;
_c22cm .
653 _aAssamese Novel-Criticism
653 _aG-Assamese
653 _aT/G-Assamese
942 _2ddc
_cBK
999 _c35104
_d35104